| 000 | 00592nam a2200205 4500 | ||
|---|---|---|---|
| 003 | OSt | ||
| 005 | 20240725010557.0 | ||
| 006 | a | ||
| 008 | 240725b |||||||| |||| 00| 0 eng d | ||
| 040 |
_aDWCL-Main lib. _cOC |
||
| 082 |
_22010 edition _aFil. 349.28 L123 2009 |
||
| 100 | _aFoz, Vicente B. | ||
| 245 | _aThe Labor Code of the Philippines / | ||
| 250 | _a2010 edition | ||
| 260 |
_aManila : _bPhilippine Law Gazette, _cc2009. |
||
| 300 |
_b584 p. ; _c26 cm. |
||
| 504 | _aIncludes Index. | ||
| 650 | _a1. Labor Laws - Philippines. | ||
| 942 |
_2ddc _n0 _cBK - FIL _e2010 edition _kFil. |
||
| 999 |
_c2693 _d2693 |
||